000 00675nam a2200241Ia 4500
999 _c1882
_d1882
007 ta
008 190719t1995 xxk||||g||||||||| ||und||
020 _a9780707721118
_c£ 15.00
040 _aKO
_beng
041 0 _aeng
044 _axxk
082 0 4 _a912.4223
_bUn315
_223
110 _aGreat Britain.
_bHydrographic Office
245 0 _aAdmiralty Tidal Stream Atlas :
_bDover Strait /
_cUnited Kingdom Hydrographic Office
250 _a3rd ed.
260 _aTaunton :
_bUnited Kingdom Hydrographic Office ,
_c2010
300 _avarious pagination ;
_c30 cm.
490 _aNP 233
650 _aTides
_vAtlases
904 _aA_BOSE
942 _2ddc
_cBK